000 00817nam a22002417a 4500
005 20180310112713.0
010 _aENG-110145
020 _a9788184301250
_c600.00
035 _aEN-93677
035 _aB-528635
035 _aB-667795
037 _bDBAD/PUB
037 _bOcean Books/Ven
_adpl
082 _a954
100 _aSinghvi, L.M.
245 _aLight of Indian Intellect /
_cby L.M. Singhvi
260 _aNew Delhi
_bOcean Books
_c2012
270 _a4/19 Asaf Ali Road
_bNew Delhi
_e110002
300 _a232p.
_c24cm(Hb)
942 _2ddc
_cEN
_mSIN
_h954
999 _c84863
_d84863